Nhập môn lôgic hình thức & phi hình thức

Giới thiệu các kiến thức cơ bản về logic hình thức và phi hình thức

Wedi'i Gadw mewn:
Manylion Llyfryddiaeth
Prif Awdur: Nguyễn, Đức Dân
Fformat: Llyfr
Iaith:Undetermined
Cyhoeddwyd: Hà Nội Đại học Quốc gia Hà Nội 2005
Pynciau:
Tagiau: Ychwanegu Tag
Dim Tagiau, Byddwch y cyntaf i dagio'r cofnod hwn!
Thư viện lưu trữ: Trung tâm Học liệu Trường Đại học Cần Thơ
LEADER 00684nam a2200205Ia 4500
001 CTU_114652
008 210402s9999 xx 000 0 und d
020 |c 26000 
082 |a 160 
082 |b D121 
100 |a Nguyễn, Đức Dân 
245 0 |a Nhập môn lôgic hình thức & phi hình thức 
245 0 |c Nguyễn Đức Dân 
260 |a Hà Nội 
260 |b Đại học Quốc gia Hà Nội 
260 |c 2005 
520 |a Giới thiệu các kiến thức cơ bản về logic hình thức và phi hình thức 
650 |a Logic 
904 |i M.Loan 
980 |a Trung tâm Học liệu Trường Đại học Cần Thơ